000 02305 a2200289 4500
001 26307
005 20260407155543.0
008 260407a2006 arg spa d
003 AR-UNSa-BCEJYS
040 _aAR-UNSa-BCEJYS
_bspa
_cAR-UNSa-BCEJYS
080 _a330.4
_xEconomía matemática
245 1 0 _aMétodos fundamentales de economía matemática
020 _a978-970-10-5614-1
250 _a4a. ed
264 1 _aMéxico :
_bMcGraw-Hill
_c2006
300 _a687 p.
_c24 cm.
505 _aParte I: Introducción : 1. La naturaleza de la economía matemática - 2. Modelos económicos - Parte II : Análisis estático( o de equilibrio): 3. Análisis de equilibrio en la economía - 4. Modelos lineales y álgebra de matrices - 5. Modelos lineales y álgebra de matrices(continuación) - Parte III : Análisis estático-comparativo : 6. Estática comparativa y el concepto de derivadas - 7. Reglas de diferenciación y su uso en la estática comparativa - 8. Análisis estático comparativo de modelos con funciones generales - Parte IV : Problemas de optimización : 9. Optimización: una variedad especial del análisis de equilibrio - 10. Funciones exponenciales y logarítmicas - 11. El caso de más de una variable de elección - 12. Optimización con resticciones de igualdad - 13. Temas adicionales de optimización - Parte V : Análisis dinámico: 14. La dínamica económica y cálculo integral - 14. Tiempo continuo: ecuaciones diferenciales de primer orden - 15. Tiempo continuo : ecuaciones en diferencias de primer orden - 16. Ecuaciones diferenciales de orden superior - 17. Tiempo discreto: ecuaciones en diferencias de primer orden - 17. Ecuaciones en diferencia de primer orden - 18. Ecuaciones en diferencias de orden superior - 19. Ecuaciones diferenciales y ecuaciones en diferencias simultáneas - 20. Teoría de control óptimo
942 _cBK
590 _aniveau_biblio:m niveau_hierar:0
100 1 _aChiang, Alpha C.
700 1 _aWainwright, Kevin
700 1 _aSánchez Fragoso, Francisco
700 1 _aArrioja Juárez, Raúl
700 1 _aGonzález Nucamendi, Andrés
700 1 _aLéon Cázares, Filadelfo
856 4 1 _uhttps://biblioeco.unsa.edu.ar/pmb/images/libros/Metodos fundamentales de economia matematica-l116678.jpg
_yImagen de portada
_qimage/jpeg
999 _c1449
_d1449